Understanding literature.

Bibliographic Details
Main Author: Mayhead, Robin
Format: Book
Language:English
Published: Cambridge [England] : University Press, [1965]
Subjects:

MARC

Tag First Indicator Second Indicator Subfields
LEADER 00000cam a2200000 4500
001 in00000036595
005 20151007062138.0
008 750226s1965 enk 00000 eng
010 |a  65016205  
035 |a (OCoLC)01189616 
035 |9 AAD4067AM 
040 |a DLC  |c YNG  |d TXA  |d UtOrBLW 
049 |a TXAM  |c [452162] 
050 0 |a PR83  |b .M39 
092 |a 820.9  |b M469u 
100 1 |a Mayhead, Robin. 
245 1 0 |a Understanding literature. 
264 1 |a Cambridge [England] :  |b University Press,  |c [1965] 
264 4 |c [©1965] 
300 |a 189 pages ;  |c 22 cm. 
336 |a text  |b txt  |2 rdacontent 
337 |a unmediated  |b n  |2 rdamedia 
338 |a volume  |b nc  |2 rdacarrier 
650 0 |a English literature  |x History and criticism. 
999 |a MARS 
999 f f |s c1b756cb-961f-30bf-aac2-c923a7706d0a  |i 8c3a13a8-6efa-35f3-8f47-ebbab792a5c4  |t 0 
952 f f |p ric  |a Texas A&M University  |b Rellis Campus  |c Joint Library Facility  |d Remote Storage  |t 0  |e PR83 .M39  |h Library of Congress classification  |i unmediated -- volume  |m A14801272534 
998 f f |a PR83 .M39  |t 0  |l Remote Storage